Statistics for NASCAR Cup Series Rookie of the Year Award Winners

Click here to take the quiz!

General Stats

  • This quiz has been taken 233 times
    (48 since last reset)
  • The average score is 28 of 68

Answer Stats

YearRookie of the Year% Correct
2023Ty Gibbs
91%
1979Dale Earnhardt
82%
1993Jeff Gordon
82%
1959Richard Petty
82%
2005Kyle Busch
79%
2014Kyle Larson
79%
2022Austin Cindric
73%
2018William Byron
73%
2016Chase Elliott
70%
2009Joey Logano
67%
2001Kevin Harvick
67%
2000Matt Kenseth
67%
1960David Pearson
64%
2006Denny Hamlin
64%
2002Ryan Newman
64%
2020Cole Custer
61%
1999Tony Stewart
61%
1987Davey Allison
58%
1967Donnie Allison
58%
2013Ricky Stenhouse, Jr.
58%
1984Rusty Wallace
55%
2021Chase Briscoe
52%
1982Geoffrey Bodine
48%
2004Kasey Kahne
48%
1994Jeff Burton
45%
1972Larry Smith
45%
2008Regan Smith
45%
2019Daniel Hemric
42%
2017Erik Jones
42%
1977Ricky Rudd
42%
1986Alan Kulwicki
39%
1991Bobby Hamilton
39%
2003Jamie McMurray
39%
2007Juan Pablo Montoya
39%
1968Pete Hamilton
39%
1983Sterling Marlin
39%
2010Kevin Conway
36%
2015Brett Moffitt
30%
1996Johnny Benson, Jr.
30%
1985Ken Schrader
30%
1997Mike Skinner
30%
1978Ronnie Thomas
30%
2011Andy Lally
27%
1969Dick Brooks
27%
1989Dick Trickle
27%
1998Kenny Irwin, Jr.
27%
2012Stephen Leicht
27%
1954Blackie Pitt
21%
1975Bruce Hill
21%
1992Jimmy Hensley
21%
1980Jody Ridley
21%
1988Ken Bouchard
21%
1973Lennie Pond
21%
1995Ricky Craven
21%
1990Rob Moroso
21%
1981Ron Bouchard
21%
1965Sam McQuagg
21%
1958Shorty Rollins
21%
1974Earl Ross
18%
1966James Hylton
18%
1976Skip Manning
18%
1961Woodie Wilson
18%
1970Bill Dennis
15%
1963Billy Wade
15%
1964Doug Cooper
15%
1957Ken Rush
15%
1971Walter Ballard
15%
1962Tom Cox
12%

Score Distribution

Percentile by Number Answered

Percent of People with Each Score

Your Score History

You have not taken this quiz since the last reset